000 00553nam a2200193 4500
001 139210
003 ES-MaACL
005 20230906195727.0
007 t|
008 070214s1973 sp r ||||1| spa d
100 1 _aScerbanenco , Giorgio.
_9187117
245 1 4 _aLas princesas de Acapulco /
_cGiorgio Scerbanenco ; [traducción de Juan Viñoly].
250 _a1ª ed.
260 _aBarcelona :
_bBarral,
_c1973.
300 _a102 p. ;
_c19 cm.
700 1 _aViñoly, Juan.
_9115398
852 _aES-MaACL
_jC-52576
_bR.85816
999 _c139210
_d139210